000 01346nam a2200337Ia 4500
001 ebr10180626
003 CaPaEBR
006 m u
007 cr cn|||||||||
008 070427s2007 enka sbf 001 0 eng d
010 _z 2007017489
020 _z0749449845
020 _z0749452153
020 _z9780749449841
020 _z9780749452155
040 _aCaPaEBR
_cCaPaEBR
035 _a(OCoLC)191802023
050 1 4 _aHD69.P75
_bY68 2007eb
100 1 _aYoung, Trevor L.
_q(Trevor Leonard),
_d1940-
245 1 4 _aThe handbook of project management
_h[electronic resource] :
_ba practical guide to effective policies, techniques and processes /
_cTrevor L. Young.
250 _aRev. 2nd ed.
260 _aLondon ;
_aPhiladelphia :
_bKogan Page Ltd,
_c2007.
300 _aviii, 295 p. :
_bill.
504 _aIncludes bibliographical references and index.
533 _aElectronic reproduction.
_bPalo Alto, Calif. :
_cebrary,
_d2009.
_nAvailable via World Wide Web.
_nAccess may be limited to ebrary affiliated libraries.
650 0 _aProject management
_vHandbooks, manuals, etc.
650 0 _aIndustrial management.
655 7 _aElectronic books.
_2local
710 2 _aebrary, Inc.
856 4 0 _uhttp://site.ebrary.com/lib/rucke/Doc?id=10180626
_zAn electronic book accessible through the World Wide Web; click to view
999 _c238434
_d238434